|
|
|
|
| LEADER |
01279nam a2200301 a 4500 |
| 001 |
31835 |
| 003 |
BD-DhAAL |
| 005 |
20211114152303.0 |
| 008 |
170524s2014 maua b 001 0 eng d |
| 999 |
|
|
|c 38025
|d 38025
|
| 020 |
|
|
|a 9781292027098
|
| 020 |
|
|
|a 1292027096
|
| 040 |
|
|
|a DLC
|c DLC
|d YDX
|d PUL
|d YDXCP
|d BWX
|d DLC
|e BD-DhAAL
|
| 082 |
0 |
0 |
|a 512.7
|2 23
|
| 100 |
1 |
|
|a Silverman, Joseph H.,
|d 1955-
|9 21202
|
| 245 |
1 |
2 |
|a A friendly introduction to number theory /
|c Joseph H. Silverman.
|
| 250 |
|
|
|a Forth edition
|
| 260 |
|
|
|a Boston :
|b Pearson,
|c c2014.
|
| 300 |
|
|
|a iv, 459 pages :
|b illustrations ;
|c 28 cm.
|
| 504 |
|
|
|a Includes bibliographical references and index.
|
| 526 |
|
|
|a ESS
|
| 541 |
|
|
|e 31836, 31837
|
| 650 |
|
0 |
|a Number theory
|v Textbooks.
|9 21203
|
| 650 |
|
0 |
|a Computer science
|9 42606
|
| 852 |
|
|
|a Ayesha Abed Library
|c General Stacks
|
| 942 |
|
|
|2 ddc
|c BK
|
| 952 |
|
|
|0 0
|1 0
|2 ddc
|4 0
|6 512_700000000000000_SIL
|7 0
|9 60716
|a BRACUL
|b BRACUL
|c GEN
|d 2017-05-22
|e Karim International
|g 4700.00
|l 3
|m 16
|o 512.7 SIL
|p 3010031836
|r 2025-08-11
|s 2025-05-24
|t 2
|v 4700.00
|w 2017-05-22
|y BK
|
| 952 |
|
|
|0 0
|1 0
|2 ddc
|4 0
|6 512_700000000000000_SIL
|7 0
|9 60717
|a BRACUL
|b BRACUL
|c GEN
|d 2017-05-22
|e Karim International
|g 4700.00
|l 6
|m 87
|o 512.7 SIL
|p 3010031835
|r 2026-02-17
|s 2025-08-11
|t 1
|v 4700.00
|w 2017-05-22
|y BK
|